00982nam a2200241 a 4500001001000000003000500010005001700015008004100032010001100073011001100084040000900095100002800104245021100132260004100343500006000384502007700444650003600521650003100557650002600588650002400614700003200638856007000670000109593CHAP20220329144056.0140513s2014 mx sm |||||||spa d a106055 a107027 cCHAP1 aMartínez Escobar, Ana10aIdentificación de orquídeas, plan de manejo y propuesta de una UMA en el orquidario Tilzapote, Ejido Tiltepec, Jiquipilas, Chiapash[En línea]cpor Ana Martínez Escobar y Roberto Pérez González. aChapingo, Méx. :bEl autor,c2014. aPara ver el contenido del material haga clic en la liga aTesis (Ing. Agr. Esp. en Fitotecnia) -- UACH. Departamento de Fitotecnia14aOrquidáceasxClasificación.14aOrquidáceasxVariedades.14aOrquidaceaszChiapas.14aPlantas silvestres.1 aPérez González, Roberto aFinding aiduhttp://10.13.5.2/tesis/sist109593.pdfzTeclea aquí